INFERTILITY IN PRACTICE / (Record no. 797820)

MARC details
000 -LEADER
fixed length control field 00407pam a2200157 a 4500
020 ## - INTERNATIONAL STANDARD BOOK NUMBER
International Standard Book Number 9788181472502
Terms of availability
041 ## - LANGUAGE CODE
Language code of original
082 ## - DEWEY DECIMAL CLASSIFICATION NUMBER
Classification number 618
Item number BAL/JAC
100 ## - MAIN ENTRY--PERSONAL NAME
Personal name BALEN, A .H.,JACOBS, H.S.
245 ## - TITLE STATEMENT
Title INFERTILITY IN PRACTICE /
Statement of responsibility, etc. NULL.
Medium Textual Documents
250 ## - EDITION STATEMENT
Edition statement 2ED /
Remainder of edition statement .
260 ## - PUBLICATION, DISTRIBUTION, ETC.
Place of publication, distribution, etc. NULL :
Name of publisher, distributor, etc. CHURCHILL LIV ,
Date of publication, distribution, etc. 2006.
300 ## - PHYSICAL DESCRIPTION
Extent 489 : :
Other physical details XIII ; ;
Dimensions A4.
650 ## - SUBJECT ADDED ENTRY--TOPICAL TERM
Topical term or geographic name entry element OBST.GYNE
930 ## - EQUIVALENCE OR CROSS-REFERENCE-UNIFORM TITLE HEADING [LOCAL, CANADA]
Uniform title 3286
Holdings
Withdrawn status Lost status Damaged status Not for loan Collection Home library Current library Date acquired Source of acquisition Cost, normal purchase price Total Checkouts Full call number Barcode Date last seen Copy number Price effective from Koha item type
          Medical College & Hospital, Sangli Medical College & Hospital, Sangli 06/03/2009 B.M.S.G.B.PUNE 1495.00   618 BAL/JAC MCS-7580 26/07/2023 1 26/07/2023 Book